000
00294nam a22001337a 4500
008
170227b xxu||||| |||| 00| 0 eng d
020
_a
9780850663266
041
_a
eng
080
_a
577
100
_a
5
101
_a
SHMD
245
_a
LYSOMAL STORAGE DISEASES
_c
WATTS, R.W.E
942
_2
udc
_c
BK
999
_c
6311
_d
6311